|
|
|
|
| LEADER |
01192nam a22003492a 4500 |
| 001 |
001228829 |
| 003 |
CZ BrMZK |
| 005 |
20210924065250.0 |
| 007 |
ta |
| 008 |
120705s1987 xr er|||||||||||cze d |
| 015 |
|
|
|a cnb000038239
|
| 035 |
|
|
|a (OCoLC)85618671
|
| 040 |
|
|
|a ABA001
|b cze
|d ABA001
|d BOA001
|
| 041 |
1 |
|
|a cze
|h eng
|
| 080 |
9 |
|
|a 820-31
|
| 100 |
1 |
|
|a Wainwright, John William,
|d 1921-1995
|7 xx0030502
|4 aut
|
| 245 |
1 |
0 |
|a Po přeslici /
|c John Wainwright ; z angl. přel. Michaela a Zdeněk Storchovi
|
| 250 |
|
|
|a 1. vyd.
|
| 260 |
|
|
|a Praha :
|b Naše vojsko,
|c 1987
|
| 300 |
|
|
|a 174 s. ;
|c 19 cm
|
| 490 |
1 |
|
|a Napětí ;
|v sv. 162
|
| 500 |
|
|
|a Přeloženo z angličtiny
|
| 500 |
|
|
|a 80000 výt.
|
| 700 |
1 |
|
|a Storchová, Michaela
|7 pag2008464198
|4 trl
|
| 700 |
1 |
|
|a Storch, Zdeněk
|7 jk01121276
|4 trl
|
| 765 |
0 |
|
|t Distaff factor
|9 Česky
|
| 830 |
|
0 |
|a Napětí (Naše vojsko)
|0 s
|
| 856 |
4 |
1 |
|u http://www.digitalniknihovna.cz/mzk/uuid/uuid:2d613df0-c8f0-11e2-b6da-005056827e52
|y Digitalizovaný dokument
|x NDK
|
| 910 |
|
|
|a BOA001
|b D-0926.105
|
| 990 |
|
|
|a BK
|
| 991 |
|
|
|b 201207
|
| 996 |
6 |
|
|b 2619535137
|c D-0926.105
|l MZK
|r Sklad / do 24 hodin
|n 0
|w 001262507
|u 000010
|a 1
|e BOA001
|j MZK50
|s P
|